000
00244nam a22001097a 4500
999
_c
4864
_d
4864
008
250325b ||||| |||| 00| 0 eng d
082
_a
FIC FUJ
100
_a
FUJIKO F.FUJIO
_e
AUTHOR
245
_a
DORAEMON 43
260
_b
SHOGAKUKAN
942
_2
ddc